| 000 | 03289nam a2200433 a 4500 | ||
|---|---|---|---|
| 001 | 1928403 | ||
| 003 | AM-YEHGA | ||
| 005 | 20250618080128.0 | ||
| 008 | 231101s2023 ai a||||||||||||||0|arm|d | ||
| 020 | _a9789939592992 | ||
| 040 | _aAM-YeHGA | ||
| 041 | 0 |
_aarm _aeng _arus |
|
| 245 | 0 | 0 |
_aՍահմանադրական մշակույթի արժեբանական ակունքները հայ ժողովրդի հազարամյա տարեգրության ծալքերում : _b[ժողովածու] = The axiological origins of constitutional culture through the millennia of Armenian history = Аксиологические истоки конституционной культуры сквозь тысячелетия армянской истории / _cԱ. Բոզոյան, Ա. Եղիազարյան, Գ. Թանանյան, Ա. Հակոբյան ; Պատասխանատու-խմբագիրներ՝ Գ. Հարությունյան, Ա.Ե.Մովսիսյան, Տ. Արարատ քհն. Պողոսյան, Ս. Մելքոնյան ; [Սրբագրիչ՝ Ն. Գրիգորյան] ; Կաթողիկոսություն Ամենայն Հայոց ; «Սահմանադրական մշակույթ» միջազգային վերլուծական կենտրոն. |
| 246 | 1 | 5 | _aThe axiological origins of constitutional culture through the millennia of Armenian history |
| 246 | 1 | 5 | _aАксиологические истоки конституционной культуры сквозь тысячелетия армянской истории |
| 250 | _aԵրկրորդ վերանայված, լրացված հրատարակություն | ||
| 260 |
_aՍ. Էջմիածին : _bՄայր Աթոռ Սուրբ Էջմիածնի հրատարակչություն, _c2023. |
||
| 300 |
_a1072 էջ + 20 ներդիր թերթ : _bլուսանկ. ; _c24 սմ. |
||
| 500 | _aՆ.Ս.Օ.Տ.Տ. Գարեգին Երկրորդի Վեհափառ եւ Սրբազանագոյն կաթողիկոսի Ամենայն Հայոց։ | ||
| 504 | _aՏողատակում՝ մատենագիտական ծանոթագրություններ: | ||
| 504 | _aԳրականության ցանկ՝ էջ 976-1023։ | ||
| 504 | _aԱնվանացանկ՝ էջ 1047-1070։ | ||
| 525 | _aՀավելված՝ էջ 1027-1046։ | ||
| 610 | 2 | 4 |
_aՀայաստանի Հանրապետություն : _tՍահմանադրություն _96937 |
| 650 | 1 | 0 |
_aՀայոց պատմություն _xՍահմանադրություն |
| 700 | 1 |
_aԲոզոյան, Ազատ Արտաշի, _d1954- _93199 |
|
| 700 | 1 | _aԵղիազարյան, Արման | |
| 700 | 1 | _aԹանանյան, Գրիգոր | |
| 700 | 1 | _aՀակոբյան, Ալեքսան | |
| 700 | 1 |
_aՀարությունյան, Գագիկ _eխմբ. _4edt _91164 |
|
| 700 | 1 |
_aՄովսիսյան, Ա.Ե. _eխմբ. _4edt |
|
| 700 | 1 |
_aՊողոսյան, Տ. Արարատ _eխմբ. _4edt _qքհն |
|
| 700 | 1 |
_aՄելքոնյան, Սարգիս _eխմբ. _4edt |
|
| 710 | 2 | _aԿաթողիկոսություն Ամենայն Հայոց | |
| 710 | 2 | _a«Սահմանադրական մշակույթ» միջազգային վերլուծական կենտրոն | |
| 856 | 4 | 1 |
_uhttps://arar.sci.am/dlibra/publication/398552/edition/368807/content _yԿարդալ առցանց |
| 942 |
_2udc _cBK |
||
| 090 | _c567358 | ||
| 999 |
_c529029 _d529029 |
||